00920pam a2200253 a 4500999001500000001000400015003000900019005001700028008004100045020001500086040002800101082001900129100002200148245007900170260004300249300004800292490005000340504005100390650003900441650003800480650001900518942001200537952011700549 c4384d4384468BD-DhUAP20201109110136.0201109s1995 si a b 001 0 eng  a9810222033 aDLCcDLCdBD-DhUAPbEng00a530.15 HON2231 aHonig, William M.10aNonstandard logics and nonstandard metrics in physics /cWilliam M. Honig. aSingapore :bWorld Scientific,cc1995. axviii, 280 pages :billustrations ;c22 cm. aK & E series on knots and everything ;vv. 10 aIncludes bibliographical references and index. 0aNonstandard mathematical analysis. 0aLogic, symbolic and mathematical. 0aMetric spaces. 2ddccBK 00102ddc4070aUAPCLbUAPCLcGeneral Stacksd2020-11-09o530.15 HONp3010000468r2020-11-09t1w2020-11-09yBK